مكتبة جامعة عجلون الوطنية

فهرس بحث المكتبة

10020TH-Centyry Gardens & Landscapes (Record no. 33786)

MARC details
000 -LEADER
fixed length control field 00557nam a22001937a 4500
003 - CONTROL NUMBER IDENTIFIER
control field JO-AjAnu
005 - DATE AND TIME OF LATEST TRANSACTION
control field 20241022090250.0
008 - FIXED-LENGTH DATA ELEMENTS--GENERAL INFORMATION
fixed length control field 241020b jo ||||| |||| 00| 0 ara d
020 ## - INTERNATIONAL STANDARD BOOK NUMBER
International Standard Book Number 5-529-84994-1-978
040 ## - CATALOGING SOURCE
Transcribing agency Architecture
041 ## - LANGUAGE CODE
Language code of original ENG
100 ## - MAIN ENTRY--PERSONAL NAME
Personal name Charlton, Susannah
Relator term Author
9 (RLIN) 66361
245 ## - TITLE STATEMENT
Title 10020TH-Centyry Gardens & Landscapes
Statement of responsibility, etc. / Susannah Charlton
260 ## - PUBLICATION, DISTRIBUTION, ETC.
Place of publication, distribution, etc. China:
Name of publisher, distributor, etc. Toppan Leefung,
Date of publication, distribution, etc. 2020
300 ## - PHYSICAL DESCRIPTION
Extent 256 : pages
650 ## - SUBJECT ADDED ENTRY--TOPICAL TERM
Form subdivision Gardens & Landscapes
700 ## - ADDED ENTRY--PERSONAL NAME
Personal name Elain Harwood
Relator term Joint Author
9 (RLIN) 66362
942 ## - ADDED ENTRY ELEMENTS (KOHA)
Source of classification or shelving scheme Library of Congress Classification
Koha item type Books
Suppress in OPAC No
Holdings
Withdrawn status Lost status Source of classification or shelving scheme Damaged status Not for loan Home library Current library Date acquired Total Checkouts Full call number Barcode Date last seen Price effective from Koha item type
    Library of Congress Classification     مكتبة جامعة عجلون الوطنية مكتبة جامعة عجلون الوطنية 20/10/2024   NA6183.2020 E3911 20/10/2024 20/10/2024 Books